LIBRARY & INFORMATION CENTRE, KCAET, TAVANUR

ONLINE PUBLIC ACCESS CATALOGUE (OPAC)

Design and development of drainage lysimeter to measure consumptive use and percolation losses (Record no. 15198)

MARC details
000 -LEADER
fixed length control field 00745nam a22001937a 4500
003 - CONTROL NUMBER IDENTIFIER
control field OSt
088 ## - REPORT NUMBER
Report number P 152
100 ## - MAIN ENTRY--AUTHOR NAME
Personal name BRINLY MANUEL
245 ## - TITLE STATEMENT
Title Design and development of drainage lysimeter to measure consumptive use and percolation losses
260 ## - PUBLICATION, DISTRIBUTION, ETC. (IMPRINT)
Place of publication Tavanur 2005
Name of publisher Kelappaji College of Agricultural Engineering and Technology
300 ## - PHYSICAL DESCRIPTION
Number of Pages 85
500 ## - GENERAL NOTE
General note Design and development of drainage lysimeter to measure consumptive use and percolation losses
520 ## - SUMMARY, ETC.
Summary, etc Design and development of drainage lysimeter to measure consumptive use and percolation losses
700 ## - ADDED ENTRY--PERSONAL NAME
Personal name Rabees P. K
700 ## - ADDED ENTRY--PERSONAL NAME
Personal name Santhi Vasavan
700 ## - ADDED ENTRY--PERSONAL NAME
Personal name Er. Abdul Hakkim V. M (Guide)
942 ## - ADDED ENTRY ELEMENTS (KOHA)
Koha item type Project Report
Holdings
Collection code Home library Current library Shelving location Full call number Accession Number Koha item type
Reference KAUAET KAUAET Reference 631.587 BRI/DE P 152 Project Report
free website counter